Exploring the Law : (Record no. 83)
[ view plain ]
| 000 -LEADER | |
|---|---|
| fixed length control field | 00652nam a22002177a 4500 |
| 003 - CONTROL NUMBER IDENTIFIER | |
| control field | OSt |
| 005 - DATE AND TIME OF LATEST TRANSACTION | |
| control field | 20170709142705.0 |
| 008 - FIXED-LENGTH DATA ELEMENTS--GENERAL INFORMATION | |
| fixed length control field | 170709b xxu||||| |||| 00| 0 eng d |
| 020 ## - INTERNATIONAL STANDARD BOOK NUMBER | |
| International Standard Book Number | 0421902108 |
| 040 ## - CATALOGING SOURCE | |
| Original cataloging agency | LDCLIB |
| Transcribing agency | LDCLIB |
| 082 ## - DEWEY DECIMAL CLASSIFICATION NUMBER | |
| Classification number | 340.11 |
| Edition number | 22 |
| Item number | MAN |
| 100 ## - MAIN ENTRY--PERSONAL NAME | |
| Personal name | Manchester Colin. |
| 9 (RLIN) | 208 |
| 245 ## - TITLE STATEMENT | |
| Title | Exploring the Law : |
| Statement of responsibility, etc | Colin Manchester and David Salter. |
| Remainder of title | the dynamic of precedent and statutory interpretation / |
| 250 ## - EDITION STATEMENT | |
| Edition statement | 3rd ed. |
| 260 ## - PUBLICATION, DISTRIBUTION, ETC. (IMPRINT) | |
| Place of publication, distribution, etc | London : |
| Name of publisher, distributor, etc | Sweet and Maxwell, |
| Date of publication, distribution, etc | 2006. |
| 300 ## - PHYSICAL DESCRIPTION | |
| Extent | xxxv, 477 p. ; |
| Dimensions | 23 cm . |
| 650 ## - SUBJECT ADDED ENTRY--TOPICAL TERM | |
| Topical term or geographic name as entry element | Exploring law |
| 650 ## - SUBJECT ADDED ENTRY--TOPICAL TERM | |
| Topical term or geographic name as entry element | Statutory interpretation |
| 700 ## - ADDED ENTRY--PERSONAL NAME | |
| Personal name | Salter, David. |
| 9 (RLIN) | 209 |
| 942 ## - ADDED ENTRY ELEMENTS (KOHA) | |
| Source of classification or shelving scheme | Dewey Decimal Classification |
| Koha item type | Books |
| Withdrawn status | Lost status | Source of classification or shelving scheme | Damaged status | Not for loan | Home library | Current library | Shelving location | Date acquired | Total Checkouts | Full call number | Barcode | Date last seen | Price effective from | Koha item type |
|---|---|---|---|---|---|---|---|---|---|---|---|---|---|---|
| Dewey Decimal Classification | Law Development Centre Main Library | Law Development Centre Main Library | Text Books and Laws | 04/07/2011 | 340.11 MAN | 259010 | 04/07/2011 | 04/07/2011 | Books |
